Statistiques concernant Massive Picture Quiz # 6 (Chanteuses Françaises)

Cliquez ici pour prendre le quiz!

Statistiques générales

  • Ce quiz a été pris 195 fois
  • Le résultat moyen est 46 sur 100

Statistiques - réponses

Réponse% Correct
Amel Bent
93%
Zaz
93%
Angèle
91%
Zazie
91%
Jenifer
90%
Celine Dion
88%
Vanessa Paradis
86%
Aya Nakamura
84%
Edith Piaf
84%
Lara Fabian
84%
Louane
84%
Mylène Farmer
84%
Clara Luciani
80%
Carla Bruni
77%
Hoshi
76%
Alizée
74%
Diam's
74%
Vitaa
74%
Shy'm
72%
Christine
70%
Jain
70%
Nolwenn Leroy
70%
Tal
70%
Indila
69%
Camille
61%
Line Renaud
61%
Chimène Badi
60%
Charlotte Gainsbourg
59%
Lio
59%
Annie Cordy
58%
Chantal Goya
57%
Dalida
57%
France Gall
57%
Maurane
57%
Joyce Jonathan
56%
Camélia Jordana
55%
Camille Lellouche
55%
Cœur de Pirate
55%
Brigitte Bardot
52%
Véronique Sanson
51%
Arielle Dombasle
50%
Jane Birkin
49%
Mireille Mathieu
49%
Axelle Red
48%
Liane Foly
48%
Patricia Kaas
48%
Sheila
48%
Hélène Ségara
47%
Marina Kaye
47%
Sylvie Vartan
47%
Pomme
46%
Dorothée
43%
Françoise Hardy
43%
Elodie Frégé
41%
Joséphine Baker
41%
Anggun
40%
Desireless
39%
Isabelle Boulay
39%
Claire Keim
38%
Marie Laforêt
38%
Julie Piétri
36%
Régine
36%
Zaho
36%
Lââm
35%
Juliette Armanet
34%
Natasha St Pier
34%
Olivia Ruiz
34%
Ophélie Winter
33%
Maëlle
32%
Nicoletta
32%
Jeanne Mas
31%
Sheryfa Luna
30%
Nana Mouskouri
28%
Elsa
26%
Juliette Gréco
26%
Julie Zenatti
26%
Stéphanie de Monaco
26%
Catherine Ringer
25%
Larusso
22%
Anaïs
20%
Elisa Tovati
20%
Sabrina
19%
Diane Tell
17%
Karen Cheryl
17%
Superbus
17%
Suzane
17%
Fabienne Thibeault
16%
Tina Arena
16%
Barbara Pravi
14%
Rose
14%
Pétula Clark
12%
isabelle Aubret
11%
Irma
10%
Koxie
7%
Yelle
7%
Cécilia Cara
6%
Zizi Jeanmaire
6%
Kenza Farah
5%
Pauline Croze
5%
Emily Loizeau
0%

Distribution des résultats

Percentile par nombre de réponses

% des personnes avec chaque résultat

Votre développement - résultats

Vous n’avez pas pris ce quiz